Регионална библиотека "Любен Каравелов" - Русе

Сочинения В.А. Жуковского (Запис номер 428103)

MARC детайли
000 -Лидер
Контролно поле с фиксирана дължина nam a22 a 4500
003 - Код на организацията, давaща контролен номер
Контролно поле BLK
005 - Дата и час на последна редакция
Контролно поле 20210812104856.0
008 - Елементи от данни с фиксирана дължина
fixed length control field 180408b bul|||||r ||||||| ||bul||
040 ## - Източник на каталожния запис
Идентификатор на билиотеката - собственик на записа BLK
041 ## - Код за език
Код за езика на текст/звукозапис или на отделно заглавие Руски
Код за езика КДБФ Руски
072 ## - Код за тематичната категория
9 (RLIN) 178367
Код за тематична категория Ц
Текст Редки и ценни
080 ## - УДК
Текстов определител УДК Руска литература
УДК код - определител по УДК 821.161.1
УДК определител -8
УДК - код + определител 821.161.1-8
100 1# - Редна дума - Автор
Автор Жуковский, Василий Андреевич
Авторска отговорност първи автор
R(LIN) 276050
139 ## - Редно поле
Редна дума Жуковский, Василий Андреевич
245 10 - Сведения за заглавието
Заглавие Сочинения В.А. Жуковского
Редно поле (дума) Василий Андреевич Жуковский; С портр., грав. И.П. Пожалостиным
Том Т. 4
Заглавие на том Одиссея (1842-1849) и Илиада (1849-1850)
250 ## - Област на изданието
Сведения за изданието 8 изд., испр. и доп
260 ## - Област на издателските данни
Място на издаване, разпространение и проч. Санкт-Петербург
Име на издателя, разпространителя и проч. Изд. И. И. Глазунова
Година на издаване 1885
9 (RLIN) 435326
300 ## - Физическа характеристика
Размери/Мащаб 22 см
380 ## - Жанр
Жанр Худож. лит.
490 ## - СЕРИИ (Колекции)
Име на серия Колекция Редки и ценни издания
9 (RLIN) 435080
700 ## - Други автори (авторска отговорност)
9 (RLIN) 599
Лично име Пожалостин, Иван Петрович
Автороска отговорност (Описва отношението между автора и произведението) ил.
760 ## - Описание на основната серия
Редна дума на основното описание Жуковский, Василий Андреевич
Страници - том [8], 448 с.
Част - том Т. 4 Одиссея (1842-1849) и Илиада (1849-1850)
Заглавие Сочинения В.А. Жуковского
852 ## - Местоположение
Форматна сигнатура Рр 885
Фондова буква Редки и ценни
856 4# - Електронен адрес и достъп
Електронен формат pdf - файл
856 4# - Електронен адрес и достъп
Електронен формат pdf - файл
999 ## - СИСТЕМНИ КОНТРОЛНИ НОМЕРА
Koha biblionumber 428103
Koha biblioitemnumber 428103
942 ## - АРТИКУЛИ
Вид на библиотечния материал Книги
Скрит в OPAC Не
Периодичен библиозапис Да
944 ## - СЪЗДАВАНЕ И РЕДАКЦИЯ на ЗАПИСА
Създаване/Редакция Създаване
Дата на регистрацията/редакция 2021-08-12
Служител, извършил регистрацията/редакцията К.Д.
Наличности
Код за отписване Код за изгубен артикул Източник на класификационната схема Код за повреда Коз за рестрикции Код за отдаване Артикулен № Име на библиотеката - собственик Име на библиотеката, в която се намира в момента Статус (Текущо местоположение) Дата на вписване в системата Местоположение - отдел Цена в лева Инвентарен номер Систематично азбучна сигнатура Баркод Цена в евро Служебен тип на артикула
  Не е изгубен Universal Decimal Classification Не е повреден само за читалня Специални фондове ( старопечатни, редки и ценни, фонд М. Арнаудов) 855844 Регионална библиотека "Любен Каравелов" Русе Регионална библиотека "Любен Каравелов" Русе Редки и ценни 2021-09-27 Редки и ценни 0.40 11379-IV Рр 885 900000074089 0.20 Книги
Vip Innovations Ltd, Rousse, Bulgaria 2025